000
00329nam a2200133Ia 4500
008
240624s9999 xx 000 0 und d
041
_a
eng
082
_a
658.049 SHE
100
_a
SHENKER ODED
245
_a
INTERNATIONAL BUSINESS
260
_c
2004
_a
Singapore
_b
John Wiley
300
_a
xvii, : 513 : p. : cm. ; 24
365
_c
RS
999
_c
1363
_d
1363